[Event "CZE-tht Extraliga 2018-19"]
[Site "Czech Republic"]
[Date "2019.04.20"]
[Round "10.3"]
[White "Ponizil, Cyril"]
[Black "Antoniewski, Rafal"]
[Result "1/2-1/2"]
[WhiteElo "2501"]
[BlackElo "2500"]
[Annotator "ChessBase"]
[PlyCount "123"]
[EventDate "2018.11.03"]
[EventType "team-tourn"]
[EventCountry "CZE"]
[SourceTitle "playchess.com"]
[Source "ChessBase"]
[SourceQuality "1"]
[WhiteTeam "Duras"]
[BlackTeam "Beskydska"]
[TimeControl "40/5400+30:1800+30"]

1. e4 {[%emt 0:00:00]} c5 {[%emt 0:00:00]} 2. Nf3 {[%emt 0:00:00]} d6 {[%emt 0:00:00]} 3. d4 {[%emt 0:00:00]} cxd4 {[%emt 0:00:09]} 4. Nxd4 {[%emt 0:00:00]} Nf6 {[%emt 0:00:16]} 5. Nc3 {[%emt 0:00:00]} g6 {[%emt 0:00:23]} 6. Be3 {[%emt 0:00:30]} Bg7 {[%emt 0:00:22]} 7. f3 {[%emt 0:00:04]} Nc6 {[%emt 0:00:48]} 8. Qd2 {[%emt 0:01:11]} O-O {[%emt 0:00:08]} 9. Bc4 {[%emt 0:00:03]} Bd7 {[%emt 0:00:20]} 10. O-O-O {[%emt 0:00:05]} Rb8 {[%emt 0:00:24]} 11. Kb1 {[%emt 0:01:38]} Na5 {[%emt 0:10:38]} 12. Bb3 {[%emt 0:02:25]} b5 {[%emt 0:00:07]} 13. Bh6 {[%emt 0:00:55]} Bxh6 {[%emt 0:18:16]} 14. Qxh6 {[%emt 0:00:06]} e5 {[%emt 0:03:31]} 15. Nde2 {[%emt 0:04:13]} b4 {[%emt 0:01:21]} 16. Nd5 {[%emt 0:01:26]} Nxb3 {[%emt 0:00:53]} 17. Nxf6+ {[%emt 0:01:46]} Qxf6 {[%emt 0:00:04]} 18. axb3 {[%emt 0:00:04]} Rb6 {[%emt 0:00:24]} 19. Ng3 {[%emt 0:03:14]} Qe7 {[%emt 0:03:13]} 20. Nf1 {[%emt 0:08:42]} Be6 {[%emt 0:02:02]} 21. g4 {[%emt 0:03:18]} Rc8 {[%emt 0:01:55]} 22. Ne3 {[%emt 0:02:22]} Rc5 {[%emt 0:06:50]} 23. Rd3 {[%emt 0:08:53]} Ra6 {[%emt 0:06:22]} 24. Rc1 {[%emt 0:11:18]} Qc7 {[%emt 0:01:43]} 25. c4 {[%emt 0:02:28]} bxc3 {[%emt 0:00:37]} 26. Rcxc3 {[%emt 0:00:03]} Rxc3 {[%emt 0:13:03]} 27. Rxc3 {[%emt 0:00:03]} Rc6 {[%emt 0:00:05]} 28. Kc2 {[%emt 0:05:55]} Qb6 {[%emt 0:03:53]} 29. Nc4 {[%emt 0:00:29]} Qa6 {[%emt 0:03:32]} 30. Kd3 {[%emt 0:09:03]} Qb5 {[%emt 0:08:42]} 31. Qc1 {[%emt 0:06:58]} d5 {[%emt 0:03:27]} 32. exd5 {[%emt 0:00:03]} Bxd5 {[%emt 0:02:50]} 33. Ke3 {[%emt 0:05:01]} e4 {[%emt 0:06:06]} 34. Kf2 {[%emt 0:03:11]} exf3 {[%emt 0:01:50]} 35. Qd2 {[%emt 0:04:54]} Bxc4 {[%emt 0:01:07]} 36. Qd8+ {[%emt 0:01:24]} Kg7 {[%emt 0:00:01]} 37. Qd4+ {[%emt 0:00:16]} Kg8 {[%emt 0:02:13]} 38. Rxc4 {[%emt 0:01:23]} Qb6 {[%emt 0:00:02]} 39. Qxb6 {[%emt 0:00:46]} Rxb6 {[%emt 0:00:02]} 40. b4 {[%emt 0:00:42]} Rf6 {[%emt 0:01:35]} 41. b5 {[%emt 0:30:25]} h6 {[%emt 0:30:43]} 42. Ra4 {[%emt 0:00:44]} Rb6 {[%emt 0:00:08]} 43. Ra5 {[%emt 0:00:07]} Rd6 {[%emt 0:00:00]} 44. Kxf3 {[%emt 0:00:00]} Rd2 {[%emt 0:00:00]} 45. b4 {[%emt 0:00:00]} Rd4 {[%emt 0:00:00]} 46. Rxa7 {[%emt 0:00:00]} Rxb4 {[%emt 0:00:00]} 47. Rb7 {[%emt 0:00:00]} g5 {[%emt 0:00:00]} 48. h3 {[%emt 0:00:00]} Kg7 {[%emt 0:00:00]} 49. b6 {[%emt 0:00:00]} Rb3+ {[%emt 0:00:00]} 50. Ke4 {[%emt 0:00:00]} Rxh3 {[%emt 0:00:00]} 51. Rd7 {[%emt 0:00:00]} Rg3 {[%emt 0:00:00]} 52. Kf5 {[%emt 0:00:00]} Rb3 {[%emt 0:00:00]} 53. Rd6 {[%emt 0:00:00]} Rb4 {[%emt 0:00:00]} 54. Ke5 {[%emt 0:00:00]} Rxg4 {[%emt 0:00:00]} 55. Rd4 {[%emt 0:00:00]} Rg1 {[%emt 0:00:00]} 56. Rb4 {[%emt 0:00:00]} Re1+ {[%emt 0:00:00]} 57. Kd6 {[%emt 0:00:00]} Rd1+ {[%emt 0:00:00]} 58. Kc7 {[%emt 0:00:00]} Rc1+ {[%emt 0:00:00]} 59. Kd7 {[%emt 0:00:00]} Rd1+ {[%emt 0:00:10]} 60. Kc7 {[%emt 0:00:00]} Rc1+ {[%emt 0:00:03]} 61. Kd7 {[%emt 0:00:00]} Rd1+ {[%emt 0:00:05]} 62. Kc7 {[%emt 0:00:00]} 1/2-1/2

[Event "CZE-tht Extraliga 2018-19"]
[Site "Czech Republic"]
[Date "2019.04.20"]
[Round "10.3"]
[White "Bobras, Piotr"]
[Black "Landa, Konstantin"]
[Result "1/2-1/2"]
[WhiteElo "2484"]
[BlackElo "2620"]
[Annotator "RC"]
[PlyCount "40"]
[EventDate "2018.11.03"]
[EventType "team-tourn"]
[EventCountry "CZE"]
[SourceTitle "playchess.com"]
[Source "ChessBase"]
[SourceQuality "1"]
[WhiteTeam "Poruba"]
[BlackTeam "Lysa nad Labem"]
[TimeControl "40/5400+30:1800+30"]

1. e4 {[%emt 0:00:00]} c6 {[%emt 0:00:40]} 2. d4 {[%emt 0:00:00]} d5 {[%emt 0:00:07]} 3. Nc3 {[%emt 0:00:00]} dxe4 {[%emt 0:00:11]} 4. Nxe4 {[%emt 0:00:00]} Bf5 {[%emt 0:00:07]} 5. Ng3 {[%emt 0:00:03]} Bg6 {[%emt 0:00:04]} 6. h4 {[%emt 0:00:12]} h6 {[%emt 0:00:10]} 7. Nf3 {[%emt 0:00:06]} Nd7 {[%emt 0:00:15]} 8. h5 {[%emt 0:00:13]} Bh7 {[%emt 0:00:08]} 9. Bd3 {[%emt 0:00:03]} Bxd3 {[%emt 0:00:06]} 10. Qxd3 {[%emt 0:00:04]} e6 {[%emt 0:00:08]} 11. Bd2 {[%emt 0:00:08]} Ngf6 {[%emt 0:00:21]} 12. O-O-O {[%emt 0:00:21]} Be7 {[%emt 0:00:08]} 13. Kb1 {[%emt 0:00:36]} Qb6 {[%emt 0:01:03]} 14. Nh4 {[%emt 0:10:15]} Bb4 {[%emt 0:11:48]} 15. c3 {[%emt 0:15:00]} Bd6 {[%emt 0:02:57]} 16. c4 {[%emt 0:06:14]} O-O-O {[%emt 0:11:28]} 17. c5 {[%emt 0:11:37]} Nxc5 {[%emt 0:02:05]} 18. dxc5 {[%emt 0:00:07]} Bxc5 {[%emt 0:00:03]} 19. Qf3 {[%emt 0:11:05]} Bxf2 {[%emt 0:04:08]} 20. Bc3 {[%emt 0:03:38]} Bd4 {[%emt 0:06:25]} 1/2-1/2

[Event "CZE-tht Extraliga 2018-19"]
[Site "Czech Republic"]
[Date "2019.04.20"]
[Round "10.3"]
[White "Biolek, Richard Jr."]
[Black "Parizek, Vojtech"]
[Result "1-0"]
[WhiteElo "2442"]
[BlackElo "2252"]
[Annotator "NA"]
[PlyCount "75"]
[EventDate "2018.11.03"]
[EventType "team-tourn"]
[EventCountry "CZE"]
[SourceTitle "playchess.com"]
[Source "ChessBase"]
[SourceQuality "1"]
[WhiteTeam "Ostrava"]
[BlackTeam "Siesta B"]
[TimeControl "40/5400+30:1800+30"]

1. d4 {[%emt 0:00:00]} Nf6 {[%emt 0:00:00]} 2. Nf3 {[%emt 0:00:00]} g6 {[%emt 0:00:00]} 3. Bg5 {[%emt 0:00:09]} Bg7 {[%emt 0:08:31]} 4. Nbd2 {[%emt 0:00:30]} d5 {[%emt 0:01:31]} 5. e3 {[%emt 0:01:03]} O-O {[%emt 0:04:26]} 6. Be2 {[%emt 0:00:18]} Nbd7 {[%emt 0:03:01]} 7. O-O {[%emt 0:04:30]} c5 $11 {[%emt 0:14:06]} 8. c3 {[%emt 0:00:40]} Re8 {[%emt 0:04:47]} 9. Bh4 {[%emt 0:21:27]} e5 {[%emt 0:11:25]} 10. Bg3 {[%emt 0:01:39]} Ng4 {[%emt 0:12:22]} 11. h3 {[%emt 0:07:22]} Nh6 {[%emt 0:00:35]} 12. Bxe5 {[%emt 0:00:11]} Nxe5 {[%emt 0:00:31]} 13. dxe5 {[%emt 0:00:02]} Bxe5 {[%emt 0:06:22]} 14. Nxe5 {[%emt 0:00:05]} Rxe5 {[%emt 0:00:10]} 15. Nf3 {[%emt 0:02:23]} Re8 {[%emt 0:01:47]} 16. Qa4 {[%emt 0:10:09]} Nf5 {[%emt 0:02:31]} 17. Rad1 {[%emt 0:03:53]} Bd7 {[%emt 0:14:58]} 18. Qf4 {[%emt 0:08:29]} Bc6 {[%emt 0:01:57]} 19. Bd3 {[%emt 0:01:56]} Nd6 {[%emt 0:04:00]} 20. c4 {[%emt 0:06:48]} Qe7 {[%emt 0:03:46]} 21. cxd5 {[%emt 0:01:21]} Bxd5 {[%emt 0:00:06]} 22. Bxg6 {[%emt 0:01:09]} hxg6 {[%emt 0:00:34]} 23. Rxd5 {[%emt 0:00:05]} Nf5 {[%emt 0:00:50]} 24. Rfd1 {[%emt 0:12:10]} Rad8 {[%emt 0:01:11]} 25. Ng5 {[%emt 0:01:58]} Rxd5 {[%emt 0:01:13]} 26. Rxd5 {[%emt 0:00:04]} Rd8 {[%emt 0:00:33]} 27. Rxd8+ {[%emt 0:00:16]} Qxd8 {[%emt 0:00:05]} 28. Ne4 {[%emt 0:00:13]} b6 {[%emt 0:01:58]} 29. g4 {[%emt 0:02:41]} Ne7 {[%emt 0:00:40]} 30. Nf6+ {[%emt 0:03:19]} Kg7 {[%emt 0:00:09]} 31. Qe5 {[%emt 0:00:49]} Qd1+ {[%emt 0:00:34]} 32. Kg2 {[%emt 0:02:24]} Nc6 {[%emt 0:00:20]} 33. Nh5+ {[%emt 0:00:19]} Kf8 {[%emt 0:00:15]} 34. Qh8+ {[%emt 0:00:08]} Ke7 {[%emt 0:00:08]} 35. Qf6+ {[%emt 0:00:04]} Kf8 {[%emt 0:01:10]} 36. Nf4 {[%emt 0:00:04]} Ne7 {[%emt 0:00:24]} 37. Ne6+ {[%emt 0:00:03]} Ke8 {[%emt 0:00:09]} 38. Qh8+ {[%emt 0:00:03]} 1-0

[Event "CZE-tht Extraliga 2018-19"]
[Site "Czech Republic"]
[Date "2019.04.20"]
[Round "10.3"]
[White "Cernousek, Lukas"]
[Black "Cyborowski, Lukasz"]
[Result "1-0"]
[WhiteElo "2438"]
[BlackElo "2517"]
[Annotator "ChessBase"]
[PlyCount "105"]
[EventDate "2018.11.03"]
[EventType "team-tourn"]
[EventCountry "CZE"]
[SourceTitle "playchess.com"]
[Source "ChessBase"]
[SourceQuality "1"]
[WhiteTeam "Siesta"]
[BlackTeam "Turnov"]
[TimeControl "40/5400+30:1800+30"]

1. e4 {[%emt 0:00:00]} e5 {[%emt 0:00:16]} 2. Nf3 {[%emt 0:00:00]} Nf6 {[%emt 0:00:03]} 3. Nxe5 {[%emt 0:00:00]} d6 {[%emt 0:00:04]} 4. Nf3 {[%emt 0:00:00]} Nxe4 {[%emt 0:00:05]} 5. Nc3 {[%emt 0:00:01]} Nxc3 {[%emt 0:02:23]} 6. dxc3 {[%emt 0:00:03]} Be7 {[%emt 0:00:07]} 7. Be3 {[%emt 0:00:07]} Nc6 {[%emt 0:01:18]} 8. Qd2 {[%emt 0:00:09]} Be6 {[%emt 0:00:05]} 9. O-O-O {[%emt 0:00:11]} Qd7 {[%emt 0:00:04]} 10. Kb1 {[%emt 0:04:09]} Bf6 {[%emt 0:00:21]} 11. Be2 {[%emt 0:00:06]} h6 {[%emt 0:05:49]} 12. h3 {[%emt 0:07:04]} a6 {[%emt 0:04:01]} 13. Rhe1 {[%emt 0:11:12]} O-O-O {[%emt 0:10:30]} 14. Nd4 {[%emt 0:00:07]} Nxd4 {[%emt 0:00:29]} 15. Bxd4 {[%emt 0:00:07]} Qe7 {[%emt 0:05:20]} 16. c4 {[%emt 0:16:57]} Kb8 {[%emt 0:18:31]} 17. Bf3 {[%emt 0:06:06]} Bxd4 {[%emt 0:12:10]} 18. Qxd4 {[%emt 0:00:02]} Qg5 {[%emt 0:00:09]} 19. Re3 {[%emt 0:15:04]} Rhe8 {[%emt 0:04:32]} 20. Rb3 {[%emt 0:04:45]} Bc8 {[%emt 0:04:34]} 21. Bc6 {[%emt 0:00:34]} Re7 {[%emt 0:03:27]} 22. a4 {[%emt 0:07:17]} Qe5 {[%emt 0:02:28]} 23. Qh4 {[%emt 0:10:15]} Qg5 {[%emt 0:00:54]} 24. Qd4 {[%emt 0:00:05]} Qe5 {[%emt 0:00:23]} 25. Qh4 {[%emt 0:00:23]} Qg5 {[%emt 0:05:29]} 26. Qxg5 {[%emt 0:03:03]} hxg5 {[%emt 0:00:13]} 27. c5 {[%emt 0:00:05]} Re5 {[%emt 0:10:20]} 28. Bxb7 {[%emt 0:01:46]} Bxb7 {[%emt 0:00:05]} 29. c6 {[%emt 0:00:07]} Rc5 {[%emt 0:00:04]} 30. Rxb7+ {[%emt 0:07:14]} Kc8 {[%emt 0:00:03]} 31. Re1 {[%emt 0:00:07]} Rxc6 {[%emt 0:00:43]} 32. Rb4 {[%emt 0:00:04]} Rc5 {[%emt 0:01:25]} 33. Re7 {[%emt 0:01:17]} Rd7 {[%emt 0:01:01]} 34. Re8+ {[%emt 0:00:35]} Rd8 {[%emt 0:00:06]} 35. Re7 {[%emt 0:00:02]} Rd7 {[%emt 0:00:04]} 36. Re8+ {[%emt 0:07:06]} Rd8 {[%emt 0:00:04]} 37. Rxd8+ {[%emt 0:01:42]} Kxd8 {[%emt 0:00:04]} 38. Rb8+ {[%emt 0:00:14]} Kd7 {[%emt 0:00:22]} 39. b4 {[%emt 0:00:02]} Rf5 {[%emt 0:02:36]} 40. f3 {[%emt 0:01:14]} a5 {[%emt 0:07:37]} 41. c3 {[%emt 0:02:06]} c6 {[%emt 0:07:33]} 42. Kc2 {[%emt 0:12:12]} Kc7 {[%emt 0:00:06]} 43. Re8 {[%emt 0:03:01]} Kb6 {[%emt 0:01:53]} 44. Kb3 {[%emt 0:06:27]} Rf4 {[%emt 0:11:33]} 45. Rb8+ {[%emt 0:01:48]} Ka7 {[%emt 0:04:13]} 46. Rd8 {[%emt 0:00:37]} Rf6 {[%emt 0:04:46]} 47. b5 {[%emt 0:02:42]} Kb7 {[%emt 0:03:03]} 48. c4 {[%emt 0:01:33]} Re6 {[%emt 0:01:48]} 49. Kc3 {[%emt 0:02:25]} c5 {[%emt 0:00:39]} 50. Kd2 {[%emt 0:01:48]} Rf6 {[%emt 0:00:13]} 51. Rd7+ {[%emt 0:00:41]} Kb6 {[%emt 0:00:00]} 52. Kd3 {[%emt 0:00:18]} g6 {[%emt 0:01:00]} 53. Kd2 {[%emt 0:00:24]} 1-0

[Event "CZE-tht Extraliga 2018-19"]
[Site "Czech Republic"]
[Date "2019.04.20"]
[Round "10.4"]
[White "Stocek, Jiri"]
[Black "Laznicka, Viktor"]
[Result "1/2-1/2"]
[WhiteElo "2563"]
[BlackElo "2666"]
[Annotator "TA"]
[PlyCount "119"]
[EventDate "2018.11.03"]
[EventType "team-tourn"]
[EventCountry "CZE"]
[SourceTitle "playchess.com"]
[Source "ChessBase"]
[SourceQuality "1"]
[WhiteTeam "Pardubice"]
[BlackTeam "Novoborsky"]

{[%evp 24,119,0,-39,-29,-22,0,-49,17,23,0,-33,0,-15,-21,-21,-19,-18,0,0,0,-30,645,645,598,575,548,187,192,192,237,229,359,270,294,287,287,284,277,276,252,243,281,274,329,342,324,316,397,390,383,50,34,8,8,5,2,2,8,8,8,-8,-8,-8,-8,-29,-29,-29,-29,-29,-43,-61,-61,-68,-59,-59,-59,-60,-60,-66,-66,-68,-68,-285,-285,-285,-285,-285,-285,-285,-285,-285,-16,-16,-16,-16,-8,-29984]} 1. d4 d5 2. c4 dxc4 3. e3 Nf6 4. Bxc4 e6 5. Nf3 c5 6. O-O a6 7. a4 Nc6 8. Qe2 cxd4 9. Rd1 Be7 10. exd4 O-O 11. Nc3 Nb4 12. Ne5 b6 13. h4 Bb7 {D27: Queen's Gambit Accepted: Classical main line: 7 e4!? and 7 a4} 14. h5 Rc8 (14... h6 15. Bd2 Rc8 16. Bb3 a5 17. Rac1 Ba6 18. Qf3 Qc7 19. Re1 Bb7 20. Qh3 Kh8 21. Nd5 Qd8 22. Nxe7 Qxe7 23. Bxe6 Rxc1 24. Bxc1 Nc2 25. Nxf7+ Qxf7 26. Bxf7 Rxf7 27. Qb3 {1-0 (27) Taborov,B (2434)-Shankovsky,A (2314) Kiev 2009}) 15. Bb3 Nfd5 ({Black should try} 15... h6 $15) 16. h6 $11 g6 17. Ne4 $146 ({Predecessor:} 17. Bd2 Re8 18. Rac1 Bf8 19. Ne4 Be7 20. Nxf7 Kxf7 21. Qf3+ {1-0 (35) Collett,P (2281)-Ong,K (2184) Sweden 2002}) 17... Qc7 18. Bd2 Nc2 19. Bxc2 $1 Qxc2 20. Qf3 f6 21. Rac1 $36 {[%mdl 2048] White is pushing.} Qxa4 22. Qh3 Rxc1 $4 {[%mdl 8192]} (22... fxe5 23. Qxe6+ Rf7 24. Rxc8+ Bxc8 25. Qxc8+ Bf8 26. Rc1 $18) (22... f5 $11 23. Nc3 Qxd4) 23. Qxe6+ $18 Kh8 24. Rxc1 {aiming for Nf7+.} Qe8 25. Nc6 $2 (25. Nd7 Rg8 26. Nxb6) 25... Qf7 26. Qd7 $1 {[%cal Rd7b7]} Bc8 27. Qa7 Bf5 (27... a5 $142 28. Nc3 Nxc3 29. Bxc3 (29. Rxc3 Bd6 $16) 29... Bd6) 28. Re1 Bxe4 29. Rxe4 {[%cal Rc6e7]} Bd6 {[#] White should prevent ...Qxa7.} 30. Qxf7 $1 ({Not} 30. Qxa6 Qd7 $11) 30... Rxf7 31. Re8+ Rf8 32. Re6 Bc7 33. Nb4 Bf4 34. Nxd5 Bxd2 {[%mdl 4096] Endgame [#] KRB-KRN} 35. f4 $1 ({Weaker is} 35. Rxb6 Bxh6 36. Rxa6 f5 $16) 35... Kg8 36. g3 Rd8 37. Nxb6 $2 (37. Nxf6+ $18 Kf7 38. Rc6) 37... Kf7 $14 38. d5 (38. Rc6 {is interesting.} Be3+ 39. Kf1 Bxd4 40. Nc4 g5 41. f5) 38... Rxd5 $1 39. Rxf6+ Kxf6 40. Nxd5+ $11 {KB-KN} Kf5 41. Kf2 g5 {[%cal Rg5f4]} 42. Ne3+ Ke4 43. Nc4 Bc1 44. fxg5 Bxg5 45. Ke2 $1 Bxh6 46. Nd6+ Kd5 47. Nf5 Bc1 48. b3 $1 Ke5 49. Ne7 Ba3 $1 {[%cal Ra3e7]} 50. Nc6+ $1 Kd5 51. Nb8 a5 52. Nd7 Kd4 {Threatens to win with ...Kc3.} 53. Nb6 $2 (53. Kd2 $1 $15) 53... Bc5 $19 54. Nc4 a4 55. bxa4 {[%cal Bb3a4,Ba4a5][%mdl 32]} Kxc4 56. Kf3 {intending Kg2.} Kd5 57. g4 Ke5 $2 ({Black should play} 57... h6 $19 58. Kg2 Be7) 58. g5 {The position is equal.} Kf5 {Strongly threatening ...Bb6.} 59. a5 $1 Kxg5 60. Ke4 $2 {[%mdl 40960] Accuracy: White = 51%, Black = 53%. . An unexpected result.} (60. Kg2 $11 Kf6 61. Kh1) 1/2-1/2

[Event "CZE-tht Extraliga 2018-19"]
[Site "Czech Republic"]
[Date "2019.04.20"]
[Round "10.4"]
[White "Plat, Vojtech"]
[Black "Cvek, Robert"]
[Result "1-0"]
[WhiteElo "2535"]
[BlackElo "2524"]
[Annotator "ChessBase"]
[PlyCount "125"]
[EventDate "2018.11.03"]
[EventType "team-tourn"]
[EventCountry "CZE"]
[SourceTitle "playchess.com"]
[Source "ChessBase"]
[SourceQuality "1"]
[WhiteTeam "Lysa nad Labem"]
[BlackTeam "Poruba"]
[TimeControl "40/5400+30:1800+30"]

1. e4 {[%emt 0:00:00]} c6 {[%emt 0:00:00]} 2. d4 {[%emt 0:00:00]} d5 {[%emt 0:00:00]} 3. exd5 {[%emt 0:00:00]} cxd5 {[%emt 0:00:00]} 4. Bd3 {[%emt 0:00:00]} g6 {[%emt 0:01:01]} 5. c3 {[%emt 0:00:13]} Bf5 {[%emt 0:03:43]} 6. Be2 {[%emt 0:02:45]} Nc6 {[%emt 0:01:36]} 7. Bf4 {[%emt 0:00:05]} Nf6 {[%emt 0:01:52]} 8. Nd2 {[%emt 0:00:17]} Bg7 {[%emt 0:00:21]} 9. h3 {[%emt 0:00:24]} O-O {[%emt 0:03:28]} 10. Ngf3 {[%emt 0:00:29]} h6 {[%emt 0:01:31]} 11. O-O {[%emt 0:05:58]} g5 {[%emt 0:00:23]} 12. Bh2 {[%emt 0:00:05]} e6 {[%emt 0:00:10]} 13. Ne5 {[%emt 0:01:09]} Nd7 {[%emt 0:11:36]} 14. Nxd7 {[%emt 0:04:44]} Qxd7 {[%emt 0:00:13]} 15. f4 {[%emt 0:00:05]} f6 {[%emt 0:04:26]} 16. Qb3 {[%emt 0:02:10]} Kh8 {[%emt 0:01:23]} 17. Rae1 {[%emt 0:02:33]} Bg6 {[%emt 0:11:46]} 18. Bg4 {[%emt 0:04:04]} Rae8 {[%emt 0:00:31]} 19. Qd1 {[%emt 0:03:16]} Nd8 {[%emt 0:05:25]} 20. Re3 {[%emt 0:05:44]} b6 {[%emt 0:07:22]} 21. Qe2 {[%emt 0:03:57]} f5 {[%emt 0:07:14]} 22. Bh5 {[%emt 0:01:45]} Bxh5 {[%emt 0:05:46]} 23. Qxh5 {[%emt 0:00:10]} Qf7 {[%emt 0:00:19]} 24. Qe2 {[%emt 0:07:19]} Bf6 {[%emt 0:00:28]} 25. Nf3 {[%emt 0:01:03]} g4 {[%emt 0:04:40]} 26. hxg4 {[%emt 0:01:04]} fxg4 {[%emt 0:00:05]} 27. Ne1 {[%emt 0:03:36]} Qg6 {[%emt 0:01:16]} 28. Nd3 {[%emt 0:02:43]} Bg7 {[%emt 0:15:12]} 29. Bg3 {[%emt 0:04:47]} Nb7 {[%emt 0:00:26]} 30. f5 {[%emt 0:01:20]} Rxf5 {[%emt 0:01:17]} 31. Nf4 {[%emt 0:01:32]} Qf7 {[%emt 0:00:51]} 32. Rxe6 {[%emt 0:01:28]} Nd6 {[%emt 0:05:52]} 33. Rxe8+ {[%emt 0:01:22]} Nxe8 {[%emt 0:00:09]} 34. Qxg4 {[%emt 0:00:20]} Kh7 {[%emt 0:00:21]} 35. Qe2 {[%emt 0:05:33]} Nd6 {[%emt 0:00:21]} 36. Nd3 {[%emt 0:02:45]} Ne4 {[%emt 0:00:58]} 37. Rxf5 {[%emt 0:00:07]} Qxf5 {[%emt 0:00:08]} 38. Be1 {[%emt 0:00:10]} Ng5 {[%emt 0:04:28]} 39. Bg3 {[%emt 0:00:52]} Ne4 {[%emt 0:00:09]} 40. Bb8 {[%emt 0:00:32]} Qc8 {[%emt 0:02:04]} 41. Bf4 {[%emt 0:37:43]} Qf5 {[%emt 0:08:48]} 42. Qf3 {[%emt 0:00:00]} Qg6 {[%emt 0:01:35]} 43. Bc1 {[%emt 0:00:00]} a5 {[%emt 0:03:09]} 44. a4 {[%emt 0:00:00]} Kg8 {[%emt 0:02:44]} 45. Nf4 {[%emt 0:00:00]} Qc6 {[%emt 0:00:59]} 46. Qg4 {[%emt 0:00:00]} Ng5 {[%emt 0:08:34]} 47. Nh5 {[%emt 0:00:00]} Qe6 {[%emt 0:01:08]} 48. Qxe6+ {[%emt 0:00:00]} Nxe6 {[%emt 0:00:04]} 49. Nf4 {[%emt 0:00:00]} Nc7 {[%emt 0:00:14]} 50. Nd3 {[%emt 0:00:00]} Kf7 {[%emt 0:01:25]} 51. Kf2 {[%emt 0:00:00]} Ke6 {[%emt 0:01:37]} 52. Kf3 {[%emt 0:00:00]} Kf5 {[%emt 0:00:35]} 53. g4+ {[%emt 0:00:00]} Ke6 {[%emt 0:00:41]} 54. Bf4 {[%emt 0:00:00]} Ne8 {[%emt 0:00:18]} 55. Bg3 {[%emt 0:00:00]} Bf6 {[%emt 0:01:25]} 56. Nf4+ {[%emt 0:00:00]} Kd6 {[%emt 0:00:04]} 57. Nh5+ {[%emt 0:00:00]} Ke6 {[%emt 0:03:31]} 58. Nxf6 {[%emt 0:00:00]} Kxf6 {[%emt 0:00:05]} 59. Be5+ {[%emt 0:00:00]} Kg5 {[%emt 0:00:05]} 60. b3 {[%emt 0:00:00]} h5 {[%emt 0:00:27]} 61. gxh5 {[%emt 0:00:00]} Kxh5 {[%emt 0:00:01]} 62. c4 {[%emt 0:00:00]} dxc4 {[%emt 0:00:39]} 63. bxc4 {[%emt 0:00:00]} 1-0

[Event "CZE-tht Extraliga 2018-19"]
[Site "Czech Republic"]
[Date "2019.04.20"]
[Round "10.4"]
[White "Simacek, Pavel"]
[Black "Bernasek, Jan"]
[Result "0-1"]
[WhiteElo "2471"]
[BlackElo "2484"]
[Annotator "ChessBase"]
[PlyCount "52"]
[EventDate "2018.11.03"]
[EventType "team-tourn"]
[EventCountry "CZE"]
[SourceTitle "playchess.com"]
[Source "ChessBase"]
[SourceQuality "1"]
[WhiteTeam "Turnov"]
[BlackTeam "Siesta"]
[TimeControl "40/5400+30:1800+30"]

1. e4 {[%emt 0:00:00]} c6 {[%emt 0:00:00]} 2. d4 {[%emt 0:00:00]} d5 {[%emt 0:00:00]} 3. Nc3 {[%emt 0:00:00]} dxe4 {[%emt 0:00:00]} 4. Nxe4 {[%emt 0:00:00]} Nf6 {[%emt 0:00:00]} 5. Ng5 {[%emt 0:08:35]} Bf5 {[%emt 0:08:04]} 6. Bc4 {[%emt 0:04:34]} e6 {[%emt 0:07:15]} 7. Qe2 {[%emt 0:00:55]} Nbd7 {[%emt 0:06:12]} 8. N5f3 {[%emt 0:08:26]} Bd6 {[%emt 0:01:49]} 9. Bg5 {[%emt 0:01:18]} Qa5+ 10. Bd2 {[%emt 0:04:31]} Qc7 {[%emt 0:10:19]} 11. O-O-O {[%emt 0:01:05]} O-O {[%emt 0:01:39]} 12. h3 {[%emt 0:03:58]} Nb6 {[%emt 0:08:50]} 13. g4 {[%emt 0:07:59]} Bg6 {[%emt 0:08:07]} 14. Bb3 {[%emt 0:08:17]} a5 {[%emt 0:02:45]} 15. c3 {[%emt 0:13:25]} c5 {[%emt 0:06:24]} 16. Bc2 {[%emt 0:03:57]} Qc6 {[%emt 0:06:04]} 17. Bxg6 {[%emt 0:02:45]} hxg6 {[%emt 0:01:25]} 18. dxc5 {[%emt 0:12:22]} Bxc5 {[%emt 0:00:07]} 19. Rh2 {[%emt 0:05:54]} Bd6 {[%emt 0:02:03]} 20. Ne5 {[%emt 0:01:51]} Qa4 {[%emt 0:00:32]} 21. Ngf3 {[%emt 0:05:44]} Qxa2 {[%emt 0:02:54]} 22. Qb5 {[%emt 0:00:36]} Nbd5 {[%emt 0:01:12]} 23. Rhh1 {[%emt 0:01:01]} Rac8 {[%emt 0:03:42]} 24. Nd3 {[%emt 0:03:07]} Ne4 {[%emt 0:01:03]} 25. Rhe1 {[%emt 0:00:06]} Nexc3 {[%emt 0:00:57]} 26. bxc3 {[%emt 0:00:06]} Nxc3 {[%emt 0:00:17]} 0-1